00314nam a2200121 a 4500001000400000003000500004005001700009008004100026040002000067100002400087245006100111260002000172912CDMR20130116135159.0130130s1975||||||||||||||||||||||||||||d aCDMRbcatcCDMR1 aPalmes Giro, Marcos13aEl derecho de crítica en la prensacMarcos Palmes Giro aBarcelonac1975